[Event "ENCI Limburg-open B"]
[Site "Maastricht"]
[Date "2010.05.24"]
[Round "6"]
[White "Van Herck, Rob"]
[Black "Snoeck, Rene"]
[Result "1/2-1/2"]
[WhiteElo "1809"]
[BlackElo "1985"]
[PlyCount "46"]
[EventDate "2010.05.21"]
[EventType "swiss"]
[EventRounds "7"]
[EventCountry "NED"]
[Source "P.Boonen"]
[SourceDate "2010.10.01"]

1. e4 c6 2. Nc3 d5 3. d4 dxe4 4. Nxe4 Nf6 5. Nxf6+ exf6 6. Nf3 Bd6 7. Bd3 O-O
8. O-O Bg4 9. c3 Re8 10. Be3 Nd7 11. Bc2 Nf8 12. c4 Qa5 13. c5 Bb8 14. h3 Bh5
15. g3 Qd8 16. Kg2 Ne6 17. Qd3 Bg6 18. Qb3 Bxc2 19. Qxc2 Qd5 20. Qb3 Qxb3 21.
axb3 Nc7 22. Bf4 Nb5 23. Bxb8 Raxb8 1/2-1/2

[Event "ENCI Limburg-open B"]
[Site "Maastricht"]
[Date "2010.05.24"]
[Round "6"]
[White "Vansteenkiste, Luc"]
[Black "Mollema, Thomas"]
[Result "0-1"]
[WhiteElo "1854"]
[BlackElo "1888"]
[PlyCount "62"]
[EventDate "2010.05.21"]
[EventType "swiss"]
[EventRounds "7"]
[EventCountry "NED"]
[Source "P.Boonen"]
[SourceDate "2010.10.01"]

1. d4 d5 2. e4 dxe4 3. Nc3 Nf6 4. f3 exf3 5. Nxf3 e6 6. Bg5 c6 7. Bd3 Nbd7 8.
Qd2 Be7 9. O-O-O Nb6 10. Rdf1 Nbd5 11. Nxd5 cxd5 12. Ne5 a6 13. Rf2 h6 14. Be3
Bd7 15. c3 Rc8 16. Rhf1 Qa5 17. Kb1 Bb5 18. Qe2 Bxd3+ 19. Qxd3 Qb6 20. g4 a5
21. h4 a4 22. g5 hxg5 23. hxg5 Ne4 24. Rxf7 a3 25. Qc2 Nxc3+ 26. Ka1 axb2+ 27.
Qxb2 Qxb2+ 28. Kxb2 Rh2+ 29. Kb3 Nb5 30. Ka4 Rxa2+ 31. Kxb5 Rb2+ 0-1

[Event "ENCI Limburg-open B"]
[Site "Maastricht"]
[Date "2010.05.24"]
[Round "6"]
[White "Van der Burgt, Dennis"]
[Black "Ibrahim, Ashraf"]
[Result "0-1"]
[WhiteElo "1783"]
[BlackElo "1819"]
[PlyCount "50"]
[EventDate "2010.05.21"]
[EventType "swiss"]
[EventRounds "7"]
[EventCountry "NED"]
[Source "P.Boonen"]
[SourceDate "2010.10.01"]

1. Nc3 e5 2. e4 Nc6 3. Bc4 Nf6 4. Nf3 Bc5 5. O-O O-O 6. d3 d6 7. Bg5 Ne7 8. Qd2
c6 9. Bxf6 gxf6 10. Qh6 Ng6 11. Nh4 Nxh4 12. Qxh4 f5 13. Qxd8 Rxd8 14. exf5 d5
15. Bb3 Bxf5 16. Kh1 Kh8 17. Rad1 Bd6 18. Ne2 b5 19. a4 b4 20. f4 Bg4 21. Rd2
Bc5 22. d4 exd4 23. Nxd4 Rd6 24. h3 Bd7 25. Re2 Bxd4 0-1

[Event "ENCI Limburg-open B"]
[Site "Maastricht"]
[Date "2010.05.24"]
[Round "6"]
[White "Verhelst, Henk"]
[Black "Smit, Melvin"]
[Result "0-1"]
[WhiteElo "1710"]
[BlackElo "1883"]
[PlyCount "60"]
[EventDate "2010.05.21"]
[EventType "swiss"]
[EventRounds "7"]
[EventCountry "NED"]
[Source "P.Boonen"]
[SourceDate "2010.10.01"]

1. d4 Nf6 2. c4 e5 3. e3 exd4 4. exd4 d5 5. Nf3 Bb4+ 6. Bd2 Bxd2+ 7. Nbxd2 O-O
8. Be2 dxc4 9. Nxc4 c6 10. O-O Nbd7 11. Ng5 Nb6 12. Bd3 Qd5 13. Ne5 h6 14. Ngf3
Be6 15. b3 Qd6 16. Rc1 Rad8 17. Nc4 Qc7 18. Re1 Nbd5 19. Qd2 Ne7 20. Qb4 Ned5
21. Qd2 Nf4 22. Nce5 Nxd3 23. Nxd3 Nd5 24. Nde5 Bf5 25. b4 Qb6 26. a3 Qa6 27.
Qb2 Nf4 28. Qb3 Ne2+ 29. Rxe2 Qxe2 30. Nxf7 Be6 0-1

[Event "ENCI Limburg-open B"]
[Site "Maastricht"]
[Date "2010.05.24"]
[Round "6"]
[White "Zegstroo, Martin"]
[Black "Scheeren, Fred"]
[Result "1/2-1/2"]
[WhiteElo "1861"]
[BlackElo "2005"]
[PlyCount "73"]
[EventDate "2010.05.21"]
[EventType "swiss"]
[EventRounds "7"]
[EventCountry "NED"]
[Source "P.Boonen"]
[SourceDate "2010.10.01"]

1. e4 c6 2. d4 d5 3. Nd2 dxe4 4. Nxe4 Bf5 5. Ng3 Bg6 6. f4 e6 7. Nf3 Nd7 8. h4
h6 9. h5 Bh7 10. Bd3 Bxd3 11. Qxd3 Ngf6 12. Bd2 Qc7 13. O-O-O O-O-O 14. Qe2 Bd6
15. Ne5 Rhf8 16. Kb1 Kb8 17. Rhf1 Ka8 18. c4 c5 19. Bc3 cxd4 20. Bxd4 Bc5 21.
Bc3 Nb8 22. Ne4 Nxe4 23. Qxe4 f6 24. Nf3 Nc6 25. a3 a6 26. b4 Bd6 27. g3 Rfe8
28. c5 Bf8 29. Kb2 Qf7 30. Rxd8+ Rxd8 31. Rh1 Rd5 32. g4 f5 33. gxf5 Rxf5 34.
Ne5 Nxe5 35. Bxe5 Qd7 36. Qe2 Be7 37. Rd1 1/2-1/2

[Event "ENCI Limburg-open B"]
[Site "Maastricht"]
[Date "2010.05.24"]
[Round "7"]
[White "Blijlevens, Pim"]
[Black "Goes, Dirk"]
[Result "0-1"]
[WhiteElo "1908"]
[BlackElo "1971"]
[PlyCount "114"]
[EventDate "2010.05.21"]
[EventType "swiss"]
[EventRounds "7"]
[EventCountry "NED"]
[Source "P.Boonen"]
[SourceDate "2010.10.01"]

1. d4 e6 2. c4 b6 3. Nc3 Bb4 4. e4 Bb7 5. Bd3 f5 6. Qe2 Ne7 7. a3 Bxc3+ 8. bxc3
O-O 9. f3 fxe4 10. fxe4 e5 11. Nf3 d6 12. Ng5 Bc8 13. Qh5 h6 14. Nf3 Nbc6 15.
d5 Na5 16. Be3 Qe8 17. Qh4 Ng6 18. Qg3 Ba6 19. Nd2 Nf4 20. Bxf4 Rxf4 21. Rf1
Rxf1+ 22. Kxf1 Qa4 23. Ke2 Rf8 24. Rf1 Rxf1 25. Kxf1 Nxc4 26. Nxc4 Bxc4 27. Qf3
Bxd3+ 28. Qxd3 Qxa3 29. g3 Qa4 30. Kg2 a5 31. h4 Qd7 32. Qa6 Qg4 33. Qc4 Kh7
34. Kh2 Qd7 35. Kg2 b5 36. Qa2 Qg4 37. Qxa5 Qxe4+ 38. Kh3 Qxd5 39. Qxc7 Qh1+
40. Kg4 Qd1+ 41. Kh3 Qd5 42. Qd7 e4 43. Qe8 Qe5 44. Qxe5 dxe5 45. g4 Kg6 46.
Kg3 Kf6 47. Kf2 Ke6 48. Ke3 Kd5 49. h5 Kc4 50. Kxe4 Kxc3 51. Kxe5 b4 52. Kf5 b3
53. Kg6 b2 54. Kxg7 b1=Q 55. Kxh6 Qb6+ 56. Kg5 Kd4 57. h6 Ke5 0-1

[Event "ENCI Limburg-open B"]
[Site "Maastricht"]
[Date "2010.05.24"]
[Round "7"]
[White "Broekmeulen, Joris"]
[Black "Staudte, Rainer"]
[Result "1-0"]
[WhiteElo "1864"]
[BlackElo "1947"]
[PlyCount "57"]
[EventDate "2010.05.21"]
[EventType "swiss"]
[EventRounds "7"]
[EventCountry "NED"]
[Source "P.Boonen"]
[SourceDate "2010.10.01"]

1. e4 c5 2. Nf3 Nc6 3. Bb5 e6 4. Bxc6 bxc6 5. e5 Ba6 6. d3 d5 7. exd6 Bxd6 8.
Nbd2 Nf6 9. b3 O-O 10. Bb2 Bf4 11. O-O Qc7 12. Re1 Bh6 13. Ne4 Nxe4 14. Rxe4
Rae8 15. Qe1 Qb6 16. Ne5 Qc7 17. Ba3 f6 18. Nf3 Bc8 19. Bxc5 Rf7 20. d4 g6 21.
Qb4 f5 22. Ree1 Bg7 23. Ne5 Bxe5 24. Rxe5 Qb7 25. Qc3 Rd8 26. Qa5 Rd5 27. Rxd5
cxd5 28. Qd8+ Kg7 29. Bd6 1-0

[Event "ENCI Limburg-open B"]
[Site "Maastricht"]
[Date "2010.05.24"]
[Round "7"]
[White "Camps, Jeroen"]
[Black "Uckerman, John"]
[Result "1/2-1/2"]
[WhiteElo "1849"]
[BlackElo "1706"]
[PlyCount "52"]
[EventDate "2010.05.21"]
[EventType "swiss"]
[EventRounds "7"]
[EventCountry "NED"]
[Source "P.Boonen"]
[SourceDate "2010.10.01"]

1. e4 d6 2. d4 Nd7 3. Be3 Ngf6 4. f3 h6 5. c4 c6 6. Bd3 e5 7. d5 Be7 8. Qd2 Qc7
9. Nc3 Nf8 10. Nge2 g5 11. dxc6 bxc6 12. Ng3 Ng6 13. Nf5 Bxf5 14. exf5 Nf4 15.
Be4 Rb8 16. b3 d5 17. Bxf4 dxe4 18. Bg3 Rd8 19. Qb2 Bb4 20. O-O Rd3 21. Nxe4
Nxe4 22. fxe4 O-O 23. Bxe5 Qb6+ 24. Kh1 Rd2 25. Qc1 Qe3 26. Qe1 Qd3 1/2-1/2

[Event "ENCI Limburg-open B"]
[Site "Maastricht"]
[Date "2010.05.24"]
[Round "7"]
[White "Cillen, Jeroen"]
[Black "Bachaus, Sander"]
[Result "1/2-1/2"]
[WhiteElo "1893"]
[BlackElo "1777"]
[PlyCount "29"]
[EventDate "2010.05.21"]
[EventType "swiss"]
[EventRounds "7"]
[EventCountry "NED"]
[Source "P.Boonen"]
[SourceDate "2010.10.01"]

1. e4 c6 2. d4 Na6 3. Nf3 g6 4. c3 Nc7 5. Bd3 Bg7 6. O-O d6 7. Nbd2 Nh6 8. Re1
O-O 9. a4 f5 10. e5 d5 11. a5 Ne6 12. Nb3 f4 13. Nc5 Rb8 14. Nxe6 Bxe6 15. Ng5
1/2-1/2

[Event "ENCI Limburg-open B"]
[Site "Maastricht"]
[Date "2010.05.24"]
[Round "7"]
[White "Coenen, Bert"]
[Black "Sofic, Narcis"]
[Result "0-1"]
[WhiteElo "1844"]
[BlackElo "1922"]
[PlyCount "104"]
[EventDate "2010.05.21"]
[EventType "swiss"]
[EventRounds "7"]
[EventCountry "NED"]
[Source "P.Boonen"]
[SourceDate "2010.10.01"]

1. c4 Nf6 2. Nf3 g6 3. b3 Bg7 4. Bb2 d6 5. e3 e5 6. d3 O-O 7. Be2 Nbd7 8. Nbd2
b6 9. O-O Bb7 10. Qc2 Re8 11. Rfd1 a5 12. a3 Nc5 13. b4 Ne6 14. Bc3 axb4 15.
axb4 Qd7 16. Rxa8 Rxa8 17. Ra1 Rxa1+ 18. Bxa1 Qc8 19. Qa4 Nd7 20. Ne1 f5 21.
Bf3 Nf6 22. Qa7 Bxf3 23. Nexf3 h6 24. h3 Kh7 25. Qa2 f4 26. e4 c5 27. b5 g5 28.
Qa7 Qc7 29. Qxc7 Nxc7 30. Nb1 Kg6 31. Nh2 h5 32. f3 g4 33. Bc3 Ne6 34. Na3 Bh6
35. Nc2 Bg5 36. Be1 gxh3 37. gxh3 Nd7 38. Nf1 Nd4 39. Nxd4 exd4 40. h4 Bf6 41.
Bd2 Be5 42. Kf2 Nf8 43. Kg2 Kf7 44. Kh3 Ng6 45. Nh2 Bf6 46. Be1 Ne5 47. Bd2
Nxd3 48. Nf1 Be5 49. Kg2 Nb2 50. Bc1 Nxc4 51. Nd2 Nxd2 52. Bxd2 Ke6 0-1

[Event "ENCI Limburg-open B"]
[Site "Maastricht"]
[Date "2010.05.24"]
[Round "7"]
[White "De Ridder, Naomi"]
[Black "Van der Burgt, Dennis"]
[Result "0-1"]
[WhiteElo "1799"]
[BlackElo "1783"]
[PlyCount "64"]
[EventDate "2010.05.21"]
[EventType "swiss"]
[EventRounds "7"]
[EventCountry "NED"]
[Source "P.Boonen"]
[SourceDate "2010.10.01"]

1. e4 c5 2. Nf3 d6 3. d4 cxd4 4. Nxd4 Nf6 5. Nc3 a6 6. Bc4 e6 7. Bg5 Be7 8. f3
h6 9. Be3 Bd7 10. O-O O-O 11. f4 Nc6 12. Nf3 Rc8 13. Bd3 Qc7 14. Qe1 b5 15. a4
b4 16. Ne2 a5 17. Qf2 Ng4 18. Qg3 Nxe3 19. Rf2 d5 20. Nfd4 Nxd4 21. Nxd4 Nc4
22. Bxc4 Qxc4 23. Rd2 Bc5 24. Qd3 Qxd3 25. Rxd3 dxe4 26. Rdd1 Bc6 27. Kh1 Bxd4
28. Rxd4 Bd5 29. Rd2 Rc7 30. f5 Rfc8 31. fxe6 fxe6 32. Rc1 Bb3 0-1

[Event "ENCI Limburg-open B"]
[Site "Maastricht"]
[Date "2010.05.24"]
[Round "7"]
[White "De Wit, Albert"]
[Black "Rodriguez, Abelardo"]
[Result "1-0"]
[WhiteElo "1955"]
[BlackElo "1734"]
[PlyCount "95"]
[EventDate "2010.05.21"]
[EventType "swiss"]
[EventRounds "7"]
[EventCountry "NED"]
[Source "P.Boonen"]
[SourceDate "2010.10.01"]

1. e4 e6 2. d4 d5 3. Nc3 Nf6 4. Bg5 Be7 5. e5 Nfd7 6. h4 h6 7. Bxe7 Qxe7 8. f4
a6 9. Nf3 c5 10. Qd2 Nc6 11. g4 cxd4 12. Nxd4 Nxd4 13. Qxd4 Qc5 14. O-O-O b5
15. Bg2 Bb7 16. Rhe1 Qc7 17. f5 O-O-O 18. Re3 Kb8 19. Ne2 Rc8 20. Nc3 a5 21.
Be4 Nc5 22. Nxb5 Qc6 23. Bd3 Nxd3+ 24. Qxd3 Ba6 25. Nd4 Bxd3 26. Nxc6+ Rxc6 27.
Rexd3 Rhc8 28. c3 Rc4 29. Rd4 R8c6 30. Rxc4 Rxc4 31. Rd4 Kc7 32. Kd2 Rxd4+ 33.
cxd4 Kc6 34. fxe6 fxe6 35. Kc3 Kb5 36. h5 Ka4 37. a3 Kb5 38. Kb3 Kc6 39. Ka4
Kd7 40. Kxa5 Ke7 41. b4 Kf7 42. b5 g6 43. b6 gxh5 44. gxh5 Ke7 45. b7 Kf7 46.
b8=Q Kg7 47. Qe8 Kh7 48. Qxe6 1-0

[Event "ENCI Limburg-open B"]
[Site "Maastricht"]
[Date "2010.05.24"]
[Round "7"]
[White "Demarre, Jan"]
[Black "Gendarme, Pierre"]
[Result "1/2-1/2"]
[WhiteElo "1783"]
[BlackElo "1760"]
[PlyCount "126"]
[EventDate "2010.05.21"]
[EventType "swiss"]
[EventRounds "7"]
[EventCountry "NED"]
[Source "P.Boonen"]
[SourceDate "2010.10.01"]

1. d4 Nf6 2. Bf4 g6 3. Nf3 Bg7 4. e3 d6 5. c3 O-O 6. Nbd2 Re8 7. Bd3 Nbd7 8.
Qc2 c6 9. O-O e5 10. Bg5 Qc7 11. dxe5 Nxe5 12. Nxe5 dxe5 13. f4 Ng4 14. Rae1
exf4 15. Bxf4 Qe7 16. h3 Ne5 17. Bc4 Be6 18. Bxe6 Qxe6 19. Qb3 Rad8 20. Bxe5
Qxb3 21. Nxb3 Rxe5 22. Rf3 Rd7 23. Kf2 c5 24. Ke2 b6 25. Rd1 Rxd1 26. Kxd1 a5
27. Ke2 Kf8 28. Nd2 b5 29. a4 b4 30. cxb4 cxb4 31. b3 Ke7 32. Nc4 Rg5 33. g3
Ke6 34. e4 Be5 35. Nxa5 Bxg3 36. Nc4 Bb8 37. Kd3 Ba7 38. Ne3 Bxe3 39. Kxe3 Rg1
40. Kd3 Rc1 41. Kd4 f6 42. Rd3 g5 43. a5 h5 44. Rd2 Ra1 45. Kc4 Rxa5 46. Kxb4
Ra8 47. Re2 Rb8+ 48. Kc4 Rc8+ 49. Kd4 Rd8+ 50. Ke3 Rb8 51. Rb2 Rb4 52. Rb1 Ke5
53. Kf3 Rxe4 54. b4 Rc4 55. b5 Rc3+ 56. Kg2 Rc2+ 57. Kf3 Rc3+ 58. Kg2 Rc8 59.
b6 Rb8 60. b7 f5 61. Rb5+ Ke6 62. Rb6+ Ke5 63. Rb5+ Kf6 1/2-1/2

[Event "ENCI Limburg-open B"]
[Site "Maastricht"]
[Date "2010.05.24"]
[Round "7"]
[White "Dittmar, Thomas"]
[Black "Singh, Marcel"]
[Result "1/2-1/2"]
[WhiteElo "1969"]
[BlackElo "1917"]
[PlyCount "30"]
[EventDate "2010.05.21"]
[EventType "swiss"]
[EventRounds "7"]
[EventCountry "NED"]
[Source "P.Boonen"]
[SourceDate "2010.10.01"]

1. d4 e5 2. dxe5 Nc6 3. Nf3 Qe7 4. Bf4 Qb4+ 5. Bd2 Qxb2 6. Nc3 Bb4 7. Rb1 Qa3
8. Nb5 Qa5 9. c3 Bc5 10. Nfd4 Nxe5 11. e3 Nf6 12. c4 Qb6 13. Nb3 Qc6 14. Nxc5
Qxc5 15. Bb4 Qc6 1/2-1/2

[Event "ENCI Limburg-open B"]
[Site "Maastricht"]
[Date "2010.05.24"]
[Round "7"]
[White "Hauglustaine, Sander"]
[Black "De Ridder, Dieter"]
[Result "1/2-1/2"]
[WhiteElo "1782"]
[BlackElo "1965"]
[PlyCount "62"]
[EventDate "2010.05.21"]
[EventType "swiss"]
[EventRounds "7"]
[EventCountry "NED"]
[Source "P.Boonen"]
[SourceDate "2010.10.01"]

1. e4 e6 2. d4 d5 3. Nc3 Nf6 4. Bg5 Be7 5. e5 Nfd7 6. Bxe7 Qxe7 7. f4 O-O 8.
Nf3 c5 9. Nb5 Nc6 10. c3 f6 11. Bd3 a6 12. Nd6 cxd4 13. cxd4 fxe5 14. fxe5 Rxf3
15. Qxf3 Nxd4 16. Qf4 Nc6 17. O-O Ncxe5 18. Nxc8 Rxc8 19. Qg3 Nxd3 20. Qxd3 Nf6
21. Rac1 Rd8 22. Qg3 e5 23. Rf5 e4 24. Rc7 Qf8 25. a4 d4 26. Qb3+ Kh8 27. Rf7
Qg8 28. R5xf6 gxf6 29. Qe6 Qg5 30. Qe7 Qc1+ 31. Kf2 e3+ 1/2-1/2

[Event "ENCI Limburg-open B"]
[Site "Maastricht"]
[Date "2010.05.24"]
[Round "7"]
[White "Heijenrath, Jan"]
[Black "Mohamedjoesoef, Rafiek"]
[Result "1/2-1/2"]
[WhiteElo "1749"]
[BlackElo "1795"]
[PlyCount "48"]
[EventDate "2010.05.21"]
[EventType "swiss"]
[EventRounds "7"]
[EventCountry "NED"]
[Source "P.Boonen"]
[SourceDate "2010.10.01"]

1. d4 Nf6 2. c4 e6 3. Nf3 d5 4. Nc3 Be7 5. Bg5 h6 6. Bxf6 Bxf6 7. e3 O-O 8. Rc1
b6 9. cxd5 exd5 10. Bd3 c5 11. dxc5 bxc5 12. O-O Be6 13. Bb1 g6 14. Qe2 Nd7 15.
Rfd1 Nb6 16. a4 a6 17. Ba2 Bxc3 18. bxc3 Qf6 19. a5 Nc4 20. Bxc4 dxc4 21. Rd6
Rfd8 22. Qd2 Rxd6 23. Qxd6 Rd8 24. Qe5 Qe7 1/2-1/2

[Event "ENCI Limburg-open B"]
[Site "Maastricht"]
[Date "2010.05.24"]
[Round "7"]
[White "Hemmes, Maarten"]
[Black "Cromsigt, Jeroen"]
[Result "1/2-1/2"]
[WhiteElo "1735"]
[BlackElo "1825"]
[PlyCount "38"]
[EventDate "2010.05.21"]
[EventType "swiss"]
[EventRounds "7"]
[EventCountry "NED"]
[Source "P.Boonen"]
[SourceDate "2010.10.01"]

1. e4 e5 2. Nc3 Nc6 3. Bc4 Nf6 4. d3 Na5 5. Bb3 c6 6. f4 Nxb3 7. axb3 d6 8. Nf3
Qc7 9. O-O Be7 10. Qe1 exf4 11. Bxf4 Nh5 12. Be3 O-O 13. Nd4 g6 14. Nce2 Bd7
15. Nf4 Nxf4 16. Bxf4 Bf6 17. c3 c5 18. Nc2 Be5 19. Bh6 Bg7 1/2-1/2

[Event "ENCI Limburg-open B"]
[Site "Maastricht"]
[Date "2010.05.24"]
[Round "7"]
[White "Ibrahim, Ashraf"]
[Black "Keetman, Dennis"]
[Result "1-0"]
[WhiteElo "1819"]
[BlackElo "1886"]
[PlyCount "47"]
[EventDate "2010.05.21"]
[EventType "swiss"]
[EventRounds "7"]
[EventCountry "NED"]
[Source "P.Boonen"]
[SourceDate "2010.10.01"]

1. d4 Nf6 2. c4 e5 3. dxe5 Ng4 4. Nf3 Nc6 5. Bd2 Ngxe5 6. e3 d6 7. Bc3 Bg4 8.
Be2 Bxf3 9. gxf3 Qg5 10. Qd5 Qg6 11. f4 Nd7 12. Bh5 Ne7 13. Qxb7 Rb8 14. Qxb8+
Nxb8 15. Bxg6 hxg6 16. b4 Nf5 17. Na3 Kd7 18. b5 d5 19. Bb2 Bxa3 20. Bxa3 dxc4
21. Rc1 c6 22. bxc6+ Nxc6 23. Rxc4 Re8 24. O-O 1-0

[Event "ENCI Limburg-open B"]
[Site "Maastricht"]
[Date "2010.05.24"]
[Round "7"]
[White "Klein, Gernot"]
[Black "Van Asseldonk, Paul"]
[Result "0-1"]
[WhiteElo "1903"]
[BlackElo "2027"]
[PlyCount "116"]
[EventDate "2010.05.21"]
[EventType "swiss"]
[EventRounds "7"]
[EventCountry "NED"]
[Source "P.Boonen"]
[SourceDate "2010.10.01"]

1. e4 e6 2. Qe2 c5 3. Nf3 Nc6 4. g3 g6 5. Bg2 Bg7 6. c3 d6 7. O-O Nge7 8. d3
O-O 9. Re1 Rb8 10. Nbd2 Qc7 11. Nf1 b5 12. h4 b4 13. c4 Bd7 14. N1h2 Rbe8 15.
Be3 Qc8 16. Qd2 f5 17. Bh6 e5 18. Bxg7 Kxg7 19. Bh3 h6 20. Nf1 fxe4 21. Bxd7
Qxd7 22. N3h2 exd3 23. Qxd3 Qf5 24. Qd2 Nd4 25. Ne3 Nf3+ 26. Nxf3 Qxf3 27. Rf1
Rf6 28. a3 g5 29. Ng2 b3 30. hxg5 hxg5 31. Qxg5+ Kf7 32. Qe3 Qg4 33. f4 Nf5 34.
Qf3 Qxf3 35. Rxf3 Nd4 36. Rf2 e4 37. Ne3 Rh6 38. Rg2 Reh8 39. Kf2 Rh1 40. Rxh1
Rxh1 41. g4 Rb1 42. Kg3 Re1 43. Nd5 e3 44. Nc3 Rc1 45. Rh2 Rxc3 46. bxc3 e2 47.
Kf2 Nf3 48. Rh7+ Kg8 49. Kxe2 Kxh7 50. Kd1 Ne5 51. fxe5 dxe5 52. Kc1 e4 53. Kb2
e3 54. Kxb3 e2 55. Ka4 e1=Q 56. Kb5 Qe7 57. a4 Qc7 58. a5 Kg6 0-1

[Event "ENCI Limburg-open B"]
[Site "Maastricht"]
[Date "2010.05.24"]
[Round "7"]
[White "Lasschuit, Rene1"]
[Black "Jurrius, Theo"]
[Result "1/2-1/2"]
[WhiteElo "1917"]
[BlackElo "2016"]
[PlyCount "22"]
[EventDate "2010.05.21"]
[EventType "swiss"]
[EventRounds "7"]
[EventCountry "NED"]
[Source "P.Boonen"]
[SourceDate "2010.10.01"]

1. d4 d5 2. Nf3 Nc6 3. g3 Bf5 4. Bg2 Qd7 5. O-O Nf6 6. Ne5 Nxe5 7. dxe5 Ng4 8.
Qxd5 Qxd5 9. Bxd5 c6 10. Bb3 Nxe5 11. Nc3 e6 1/2-1/2

[Event "ENCI Limburg-open B"]
[Site "Maastricht"]
[Date "2010.05.24"]
[Round "7"]
[White "Lenaerts, Lennert"]
[Black "Kuck, Ulrich"]
[Result "1/2-1/2"]
[WhiteElo "1758"]
[BlackElo "1951"]
[PlyCount "71"]
[EventDate "2010.05.21"]
[EventType "swiss"]
[EventRounds "7"]
[EventCountry "NED"]
[Source "P.Boonen"]
[SourceDate "2010.10.01"]

1. d4 c5 2. e3 Nf6 3. Nf3 Qc7 4. b3 b6 5. c4 d6 6. Bb2 Nbd7 7. Nc3 Bb7 8. d5 g6
9. Qc2 Bg7 10. Bd3 O-O 11. Ne4 e5 12. Nxf6+ Nxf6 13. h4 Qe7 14. Nd2 Rae8 15. f3
Bc8 16. O-O-O h5 17. Rdg1 Bh6 18. Nf1 e4 19. Bxf6 Qxf6 20. Bxe4 Qa1+ 21. Kd2 f5
22. Bd3 Qe5 23. f4 Qf6 24. Qc3 Qe7 25. g3 Bg7 26. Qc2 Bd4 27. Rg2 Bxe3+ 28. Kd1
Qf6 29. Re2 Qa1+ 30. Qb1 Qd4 31. Rhh2 Bd7 32. Rhg2 b5 33. Qc2 Qa1+ 34. Qb1 Qd4
35. Qc2 Qa1+ 36. Qb1 1/2-1/2

[Event "ENCI Limburg-open B"]
[Site "Maastricht"]
[Date "2010.05.24"]
[Round "7"]
[White "Mollema, Thomas"]
[Black "Cebula, Jerzy"]
[Result "0-1"]
[WhiteElo "1888"]
[BlackElo "2018"]
[PlyCount "56"]
[EventDate "2010.05.21"]
[EventType "swiss"]
[EventRounds "7"]
[EventCountry "NED"]
[Source "P.Boonen"]
[SourceDate "2010.10.01"]

1. e4 e5 2. Nf3 Nc6 3. Bc4 Nf6 4. d4 exd4 5. Ng5 d5 6. exd5 Ne5 7. Bb3 Bb4+ 8.
c3 dxc3 9. bxc3 Bd6 10. O-O O-O 11. f3 h6 12. Ne4 Nxe4 13. fxe4 Bc5+ 14. Kh1
Ng4 15. Qe2 Nxh2 16. Rf4 g5 17. Qh5 gxf4 18. Qxh2 Bd6 19. Qxh6 Qe7 20. Bc2 Qe5
21. Kg1 f5 22. Nd2 Qf6 23. Qh5 Bc5+ 24. Kf1 Rf7 25. Nf3 b6 26. e5 Qh8 27. Qg6+
Qg7 28. Qc6 Ba6+ 0-1

[Event "ENCI Limburg-open B"]
[Site "Maastricht"]
[Date "2010.05.24"]
[Round "7"]
[White "Moog, Gerhard"]
[Black "Broekhuis, Jan"]
[Result "0-1"]
[WhiteElo "1821"]
[BlackElo "1866"]
[PlyCount "42"]
[EventDate "2010.05.21"]
[EventType "swiss"]
[EventRounds "7"]
[EventCountry "NED"]
[Source "P.Boonen"]
[SourceDate "2010.10.01"]

1. e4 e6 2. d4 d5 3. Nd2 c5 4. exd5 exd5 5. Bb5+ Nc6 6. dxc5 Bxc5 7. Qe2+ Be6
8. Nb3 Bb6 9. c3 Nf6 10. Bg5 O-O 11. Bxc6 bxc6 12. O-O-O Bg4 13. f3 Bh5 14. Kb1
Bg6+ 15. Ka1 h6 16. Be3 Re8 17. Bxb6 axb6 18. Qd2 Rxa2+ 19. Kxa2 Qa8+ 20. Na5
Qxa5+ 21. Kb3 Qb5+ 0-1

[Event "ENCI Limburg-open B"]
[Site "Maastricht"]
[Date "2010.05.24"]
[Round "7"]
[White "Mueller, Claudia"]
[Black "Zegstroo, Martin"]
[Result "1/2-1/2"]
[WhiteElo "2033"]
[BlackElo "1861"]
[PlyCount "46"]
[EventDate "2010.05.21"]
[EventType "swiss"]
[EventRounds "7"]
[EventCountry "NED"]
[Source "P.Boonen"]
[SourceDate "2010.10.01"]

1. e4 e5 2. Nf3 Nc6 3. Bc4 Nf6 4. d3 d6 5. Ng5 Bg4 6. Bxf7+ Ke7 7. f3 h6 8.
fxg4 hxg5 9. Bb3 Qe8 10. Nc3 Qg6 11. Nd5+ Nxd5 12. Bxd5 Kd7 13. O-O Be7 14. Be3
Bf6 15. Qd2 Rh4 16. h3 Rah8 17. Rf5 Nd4 18. Rf2 Qh6 19. c3 Rxh3 20. gxh3 Qxh3
21. Rxf6 Qh1+ 22. Kf2 Rh2+ 23. Kg3 Rh3+ 1/2-1/2

[Event "ENCI Limburg-open B"]
[Site "Maastricht"]
[Date "2010.05.24"]
[Round "7"]
[White "O'Gorman, Brendan"]
[Black "Liston, Mike"]
[Result "1-0"]
[WhiteElo "1827"]
[BlackElo "1705"]
[PlyCount "65"]
[EventDate "2010.05.21"]
[EventType "swiss"]
[EventRounds "7"]
[EventCountry "NED"]
[Source "P.Boonen"]
[SourceDate "2010.10.01"]

1. Nf3 Nf6 2. c4 g6 3. Nc3 d5 4. cxd5 Nxd5 5. Qa4+ Nc6 6. Ne5 Nxc3 7. dxc3 Bd7
8. Nxd7 Qxd7 9. Bf4 e5 10. Bg5 Bc5 11. e3 O-O 12. Be2 a6 13. O-O Be7 14. Rfd1
Qf5 15. Bxe7 Nxe7 16. Qd7 Qxd7 17. Rxd7 Nf5 18. Rxc7 b5 19. Rd1 Rfd8 20. Rdd7
Rxd7 21. Rxd7 Kf8 22. Bf3 Rb8 23. Kf1 Ne7 24. Ke2 Ke8 25. Ra7 Rb6 26. Kd2 Nc8
27. Rb7 Rd6+ 28. Kc2 Nb6 29. Ra7 Nc8 30. Ra8 Kd7 31. Bb7 Kc7 32. Bxc8 Rd8 33.
Bb7 1-0

[Event "ENCI Limburg-open B"]
[Site "Maastricht"]
[Date "2010.05.24"]
[Round "7"]
[White "Perrenet, Jacob"]
[Black "Gunther, Justin"]
[Result "1/2-1/2"]
[WhiteElo "1986"]
[BlackElo "1996"]
[PlyCount "67"]
[EventDate "2010.05.21"]
[EventType "swiss"]
[EventRounds "7"]
[EventCountry "NED"]
[Source "P.Boonen"]
[SourceDate "2010.10.01"]

1. Nc3 Nf6 2. e4 d6 3. Nf3 c5 4. b3 e6 5. Bb2 Be7 6. e5 dxe5 7. Nxe5 O-O 8. Bd3
Nbd7 9. Qe2 Nxe5 10. Qxe5 Bd6 11. Qe2 Nd5 12. g3 Nb4 13. Be4 f5 14. a3 Na6 15.
Bg2 Nc7 16. O-O Rb8 17. f4 b5 18. a4 b4 19. Nb5 Ba6 20. d3 Bxb5 21. axb5 Rxb5
22. Rxa7 Rb6 23. Rfa1 Re8 24. Kh1 h6 25. d4 Re7 26. Qc4 cxd4 27. Bxd4 Rb8 28.
R1a5 Kh7 29. Bf1 Nb5 30. Rxe7 Bxe7 31. Rxb5 Rxb5 32. Qxb5 Qxd4 33. Qd3 Qxd3 34.
Bxd3 1/2-1/2

[Event "ENCI Limburg-open B"]
[Site "Maastricht"]
[Date "2010.05.24"]
[Round "7"]
[White "Pijlman, Rene"]
[Black "Van Liempt, Michael"]
[Result "1/2-1/2"]
[WhiteElo "1914"]
[BlackElo "1747"]
[PlyCount "84"]
[EventDate "2010.05.21"]
[EventType "swiss"]
[EventRounds "7"]
[EventCountry "NED"]
[Source "P.Boonen"]
[SourceDate "2010.10.01"]

1. e4 c5 2. Nc3 g6 3. f4 Bg7 4. Nf3 Nc6 5. Bb5 Nd4 6. O-O e6 7. d3 Ne7 8. Ba4
O-O 9. Bd2 d5 10. Be1 b5 11. Nxb5 Nxb5 12. Bxb5 Rb8 13. Ba4 Rxb2 14. Bh4 Qc7
15. Ne5 g5 16. Be1 gxf4 17. d4 Bxe5 18. dxe5 Qxe5 19. Rf3 d4 20. Bd2 Ng6 21.
Bb3 d3 22. Rxd3 c4 23. Bc3 Qxe4 24. Qf3 Qxf3 25. Rxf3 Bb7 26. Rf2 cxb3 27. Bxb2
bxc2 28. Rxc2 Bd5 29. Bf6 e5 30. Rc5 Be6 31. h4 Rb8 32. h5 Nf8 33. Bxe5 Rb4 34.
Bc3 Rc4 35. Rg5+ Ng6 36. hxg6 Rxc3 37. gxh7+ Kxh7 38. Re5 Kg6 39. a4 Kf6 40.
Re2 Rg3 41. Kh2 Rg5 42. a5 a6 1/2-1/2